| 000 | 00444nam a2200121Ia 4500 | ||
|---|---|---|---|
| 008 | 220216s9999 xx 000 0 und d | ||
| 100 | _aGeorge K.T. | ||
| 245 | 0 | _aNatural rubber sector in India in the era of globalisation | |
| 260 |
_bRound Table Meeting on Commodity Development in Asia, 19-22 November 2001, Common Fund for Commodities, Kochi, India _c2001 |
||
| 650 | _aEconomic reform | ||
| 650 | _aRubber plantation industry | ||
| 942 | _cBS | ||
| 999 |
_c52432 _d52432 |
||